Markets (Record no. 82479)
[ view plain ]
| 000 -LEADER | |
|---|---|
| fixed length control field | 01090cam a22002055a 4500 |
| 001 - CONTROL NUMBER | |
| control field | L150372 |
| 008 - FIXED-LENGTH DATA ELEMENTS--GENERAL INFORMATION | |
| fixed length control field | 100706e2010 xxk 000 0 eng d |
| 035 ## - SYSTEM CONTROL NUMBER | |
| System control number | (Sirsi) u150372 |
| 041 0# - LANGUAGE CODE | |
| Language code of text/sound track or separate title | eng |
| 100 1# - MAIN ENTRY--PERSONAL NAME | |
| Personal name | Sandher, Hardeep |
| 245 00 - TITLE STATEMENT | |
| Title | Markets |
| Remainder of title | Central London |
| 260 ## - PUBLICATION, DISTRIBUTION, ETC. | |
| Date of publication, distribution, etc. | 2010 |
| 490 ## - SERIES STATEMENT | |
| Series statement | Property Week |
| Volume/sequential designation | 76(26) 2 July 2010, 53-60(6) |
| 520 ## - SUMMARY, ETC. | |
| Summary, etc. | Crown Estate to start developing prime office block in St James's this Autumn. DTZ reports on 1.2m sq ft of City lease expiries arriving in 2011, increasing by 1m sq ft per year until 2014 and peaking at 4.3m sq ft in 2015. Vacancy levels of grade B City space likely to soar. Legal & General and Mitsubishi Estates's Central St Giles Scheme seeks to turn Midtown into an office quarter. Waterloo and South Bank prepare for a spurt in large-scale development. Shaftesbury and the Mercer's Company complete the transformation of 2 acre St Martin's Courtyard mixed-use site. |
| 590 ## - LOCAL NOTE (RLIN) | |
| Local note | KA |
| 651 #4 - SUBJECT ADDED ENTRY--GEOGRAPHIC NAME | |
| Geographic name | London |
| 690 ## - LOCAL SUBJECT ADDED ENTRY--TOPICAL TERM (OCLC, RLIN) | |
| Topical term or geographic name as entry element | PROPERTY-COMMERCIAL PROPERTY-COMMERCIAL PROPERTY MARKET |
| 700 1# - ADDED ENTRY--PERSONAL NAME | |
| Personal name | Dickinson, Richard |
| 942 ## - ADDED ENTRY ELEMENTS (KOHA) | |
| Suppress in OPAC | 0 |
| Withdrawn status | Lost status | Source of classification or shelving scheme | Damaged status | Not for loan | Home library | Current library | Shelving location | Date acquired | Total Checkouts | Full call number | Barcode | Date last seen | Copy number | Price effective from | Koha item type |
|---|---|---|---|---|---|---|---|---|---|---|---|---|---|---|---|
| Dewey Decimal Classification | London | London | Journal article | 06/07/2010 | L150372 | 150372-1001 | 06/08/2019 | 1 | 06/08/2019 | Journal article |